ВЕЧЕРНА ПОЩА (Запис номер 291840)
[ съкратено ]
| 000 -Лидер | |
|---|---|
| Контролно поле с фиксирана дължина | 01765nas a2200373 c 4500 |
| 001 - Контролен номер на записа | |
| Контролно поле | 291840 |
| 003 - Код на организацията, давaща контролен номер | |
| Контролно поле | BLK |
| 005 - Дата и час на последна редакция | |
| Контролно поле | 20240403090110.0 |
| 008 - Елементи от данни с фиксирана дължина | |
| fixed length control field | 180413b bul raner|||| |0| c1bulo| |
| 010 ## - Наследен системен номер | |
| LC control number | PRD00002976000 |
| 022 ## - Международен стандартен номер на серия ISSN | |
| Международният стандартен номер на серията ISSN | C602-9434 |
| 040 ## - Източник на каталожния запис | |
| Идентификатор на билиотеката - собственик на записа | BLK |
| 041 ## - Код за език | |
| Код за езика на текст/звукозапис или на отделно заглавие | Български |
| Код за езика КДБФ | Български |
| 080 ## - УДК | |
| Текстов определител УДК | Социални въпроси в цялост. Критика на социалната организация. Социални реформо(общо). Практически социални проблеми. Социална политика (общи въпроси). Вж и 141.82;308;331;351.83 |
| УДК код - определител по УДК | 304 |
| УДК определител | (497.215) |
| УДК - код + определител | 304(497.215) |
| 110 1# - Редна дума - колетивен орган | |
| Редна дума - наименование на организация или юридическо лице | Изд. на Фирма Тетраедър, Рекламно-информ. агенция Реинфа - Русе |
| 9 (RLIN) | 358269 |
| 245 10 - Сведения за заглавието | |
| Заглавие | ВЕЧЕРНА ПОЩА |
| Подзаглавни данни | Вестник за бизнес, реклама и социални контакти |
| Редно поле (дума) | Изд. на Фирма Тетраедър, Рекламно-информ. агенция Реинфа - Русе |
| Дата на създаване на произведението | Начална год. на издаване: Год. 1, № 1 (1991), |
| 257 ## - Страна на издаване | |
| Страна на създаване/издаване | България |
| 260 ## - Област на издателските данни | |
| Име на издателя, разпространителя и проч. | Фирма Тетраедър : Рекламно-информ. агенция Реинфа - Русе |
| Година на издаване | 1991 |
| Печатница | ДФ Дунав-прес |
| 300 ## - Физическа характеристика | |
| Размери/Мащаб | 42 |
| 310 ## - Текуща периодчност на изданието | |
| Дата на честота на издаване [начална и евентуално крайна] | абонамент за: 1992 |
| Депозит за година | депозит за: 1992 |
| Срок за съхранение | срок за съхранение: 99 |
| 380 ## - Жанр | |
| Жанр | Обществени науки |
| 852 ## - Местоположение | |
| Форматна сигнатура | В 850 |
| 852 ## - Местоположение | |
| Форматна сигнатура | К 0/В 33 |
| 856 ## - Електронен адрес и достъп | |
| Електронен формат | pdf - файл |
| Път до файла /url/ | |
| 856 ## - Електронен адрес и достъп | |
| Електронен формат | pdf - файл |
| Път до файла /url/ | |
| 942 ## - АРТИКУЛИ | |
| Вид на библиотечния материал | Вестници |
| Скрит в OPAC | Не |
| Периодичен библиозапис | Да |
| Koha issues (borrowed), all copies | 1 |
| 944 ## - СЪЗДАВАНЕ И РЕДАКЦИЯ на ЗАПИСА | |
| Създаване/Редакция | Създаване |
| Дата на регистрацията/редакция | Вася_Ганчева |
| Служител, извършил регистрацията/редакцията | 30540 |
| Статус, дата на статуса | Севдалина Тодорова |
| 944 ## - СЪЗДАВАНЕ И РЕДАКЦИЯ на ЗАПИСА | |
| Създаване/Редакция | Редакция |
| Служител, извършил регистрацията/редакцията | 03.06.2014 |
| 999 ## - СИСТЕМНИ КОНТРОЛНИ НОМЕРА | |
| Koha biblionumber | 291840 |
| Koha biblioitemnumber | 291840 |
| 999 ## - СИСТЕМНИ КОНТРОЛНИ НОМЕРА | |
| Koha biblioitemnumber | 291840 |
| 999 ## - СИСТЕМНИ КОНТРОЛНИ НОМЕРА | |
| Koha biblioitemnumber | 291840 |
| 999 ## - СИСТЕМНИ КОНТРОЛНИ НОМЕРА | |
| Koha biblioitemnumber | 291840 |
| 999 ## - СИСТЕМНИ КОНТРОЛНИ НОМЕРА | |
| Koha biblioitemnumber | 291840 |
| 999 ## - СИСТЕМНИ КОНТРОЛНИ НОМЕРА | |
| Koha biblioitemnumber | 291840 |
| Код за отписване | Код за изгубен артикул | Източник на класификационната схема | Код за повреда | Коз за рестрикции | Код за отдаване | Артикулен № | Име на библиотеката - собственик | Име на библиотеката, в която се намира в момента | Статус (Текущо местоположение) | Дата на вписване в системата | Местоположение - отдел | Цена в лева | Номерация (Хронология) | Инвентарен номер | Систематично азбучна сигнатура | Баркод | Номер на екземпляра | Цена в евро | Служебна бележка | Служебен тип на артикула | Бележка за публиката |
|---|---|---|---|---|---|---|---|---|---|---|---|---|---|---|---|---|---|---|---|---|---|
| Не е изгубен | Universal Decimal Classification | Не е повреден | без рестрикции | ползва се в читалня | 576851 | Регионална библиотека "Любен Каравелов" Русе | Регионална библиотека "Любен Каравелов" Русе | Хранилище | 1991-01-01 | Хранилище | 0.00 | Обхват на том: 1-15, 1-27 | 598336 | В 850 | 130000598336 | 1 | 0.00 | Дост: Dp, Вид: Д, N: стар фонд, Годиш. инв.: 1-2, Дата инв: 03.06.2014, Бележки инв: Цб2014 | Вестници | Год. на изд.: 1991-1992 | |
| Не е изгубен | Universal Decimal Classification | Не е повреден | без рестрикции | ползва се в читалня | 576852 | Регионална библиотека "Любен Каравелов" Русе | Регионална библиотека "Любен Каравелов" Русе | Краезнание | 2011-03-23 | Краезнание | 28.96 | Обхват на том: 5-15, 1-27 | 130000717661 | В 850 | 130000717661 | 2 | 14.81 | Дост: DA, N: стар фонд, Годиш. инв.: 1-2, Дата инв: 10.11.2014, Бележки инв: Цб2014 | Вестници | Год. на изд.: 1991-1992, Липси: 1-4,7/1991 |